000 00698nam a2200253Ia 4500
003 OSt
005 20220926002528.0
006 a|||||r|||| 00| 0
007 ta
008 220923b |||||||| |||| 00| 0 eng d
020 _a8121401771
037 _cGeneral Book
040 _aRTL
_cRTL
_beng
041 _2eng
_aeng
082 _aY15:3(T4).2.N8, M9
100 _aTalesra Hemlata
_9306010
245 0 _aHigher education among women
260 _a New Delhi
_bNational
_c1989
300 _ax,170p
_ccm.
500 _aBibligraphy: p 161-164
650 _aWoman Sociology
942 _hY15:3(T4).2.N8, M9
_cGB
_2CC
999 _c605339
_d605339